De rústicas revueltas /

Guardat en:
Dades bibliogràfiques
Autor principal: Bartra, Armando
Format: Text
Matèries:
Etiquetes: Afegir etiqueta
Sense etiquetes, Sigues el primer a etiquetar aquest registre!

MARC

LEADER 00000 a a2200000 04500
001 10993
003
040
100 |a Bartra, Armando  
245 |a De rústicas revueltas /  |c Armando Bartra 
650 |a MOVIMIENTOS CAMPESINOS  
650 |a TLCAN  
650 |a POLITICA AGRARIA  
650 |a MOVIMIENTOS SOCIALES  
773 |g volumen 4, número 10; páginas 185-247  
999 |c 33835  |d 33835